00592nam a2200193 i 450000100060000000300090000600500170001500700030003200800410003502000180007610000180009424500540011226000480016630000280021450400280024265100470027065100480031785200330036594695ES-MaACL20230906181532.0t|050512s1986 xxk ||||1| eng d a0-19-822138-X1 aLovett, A. W.10aEarly Habsburg Spain, 1517-1598 / cA. W. Lovett. aOxford : bOxford University Press, c1986. aVIII, 352 p. ; c22 cm. aBibliografía. Indice. 4aEspaña-xHistoria-y1516-1556, Carlos I. 4aEspaña-xHistoria-y1556-1598, Felipe II. aES-MaACLjL-11042 bR.112579